| 000 | 00423nam a22001457a 4500 | ||
|---|---|---|---|
| 022 | _a0727716719 | ||
| 082 |
_a624.25 _bPRI _cL-39, P-194 |
||
| 100 |
_aPitchard, Brain & _943531 |
||
| 245 |
_aBridge Design for economy and durability, _cBrain & Pitchard |
||
| 260 |
_aLondon : _bThomas Telford Services, _c1992. |
||
| 300 | _a172 p. : | ||
| 526 |
_a0 _b0 _c0 _d624_250000000000000_PRI |
||
| 650 |
_aMCE _9379 |
||
| 942 |
_2ddc _cBK |
||
| 999 |
_c547327 _d547327 |
||